Statistics for Six Closest Countries - Gambia

Click here to take the quiz!

General Stats

  • This quiz has been taken 35 times
  • The average score is 5 of 6

Answer Stats

kmcountrymiles% Correct
0Senegal0
97%
189Mali118
84%
214Mauritania133
81%
74Guinea46
78%
61Guinea-Bissau38
69%
413Sierra Leone257
44%

Score Distribution

Percentile by Number Answered

Percent of People with Each Score

Your Score History

You have not taken this quiz